El Pensamiento en la Edad Media / (Record no. 5532)

000 -CABECERA
fixed length control field 00906nam a22002537a 4500
003 - IDENTIFICADOR DEL NÚMERO DE CONTROL
control field AR-CdUCM
008 - DATOS DE LONGITUD FIJA--INFORMACIÓN GENERAL
fixed length control field 190312b ||||| |||| 00| 0 spa d
040 ## - FUENTE DE LA CATALOGACIÓN
Agencia/entidad que catalogó originalmente la obra MUNICIPALIDAD PROVINCIAL DEL CUSCO
Entidad que transcribió la catalogación BIBLIOTECA MUNICIPAL DEL CUSCO
082 ## - NÚMERO DE LA CLASIFICACIÓN DECIMAL DEWEY
No. de Clasificación 189 /
Notacion interna V64
100 ## - ENTRADA PRINCIPAL--NOMBRE DE PERSONA
Nombre Personal Vignaux, Paul
245 ## - MENCIÓN DE TÍTULO
Título El Pensamiento en la Edad Media /
260 ## - PUBLICACIÓN, DISTRIBUCIÓN, ETC.
Lugar de publicación, distribución, etc. México :
Nombre de la editorial, distribuidor, etc. Fondo de Cultura Económica ;
Fecha de publicación, distribución, etc. 1954.
300 ## - DESCRIPCIÓN FÍSICA
Nº de Páginas Extensión 207 páginas ;
Dimensiones 17cm
440 ## - MENCIÓN DE SERIE/PUNTO DE ACCESO ADICIONAL--TÍTULO
Título Breviarios
Número de la parte/sección de una obra 94
9 (RLIN) 16579
505 ## - NOTA DE CONTENIDO CON FORMATO
Nota de contenido formateada Contenido: Renacimientos, humanismo -- Condiciones del siglo XIII -- Diversidad del siglo XIII -- Aspectos de los siglos XIV Y XV...
650 ## - PUNTO DE ACCESO ADICIONAL DE MATERIA--TÉRMINO DE MATERIA
Descriptor San Anselmo
9 (RLIN) 16580
650 ## - PUNTO DE ACCESO ADICIONAL DE MATERIA--TÉRMINO DE MATERIA
Descriptor San Bernardo
9 (RLIN) 16581
650 ## - PUNTO DE ACCESO ADICIONAL DE MATERIA--TÉRMINO DE MATERIA
Descriptor Santo Tomás
9 (RLIN) 16582
650 ## - PUNTO DE ACCESO ADICIONAL DE MATERIA--TÉRMINO DE MATERIA
Descriptor Rogelio Bacon
9 (RLIN) 16583
650 ## - PUNTO DE ACCESO ADICIONAL DE MATERIA--TÉRMINO DE MATERIA
Descriptor Guillermo de Occam
9 (RLIN) 16584
700 ## - PUNTO DE ACCESO ADICIONAL--NOMBRE DE PERSONA
Nombre Personal Segovia, Tomás (traducción)
9 (RLIN) 16585
942 ## - ELEMENTOS DE PUNTO DE ACCESO ADICIONAL (KOHA)
Fuente de clasificación
Tipo de item Libros-BMC
945 ## - PROCESAMIENTO DE INFORMACIÓN LOCAL (OCLC)
Catalogador nom
Holdings
Estado de retiro (separado) Fuente de clasificación o esquema de estanterías Estado dañado Ubicación Sala donde se ubica Nombre de la colección Fecha de adquisición o compra Costo, precio normal en soles Signatura topográfica Código de Barras Última vez visto (Koha) Tipo de ítem (Koha)
No     Sala Humanidades Sala Humanidades Book Cart 2019-03-12 20.00 189 / V64 SH0000006037 2019-03-12 Libros-BMC

Powered by Koha